00405nam a2200121Ia 4500008004100000024001400041082001800055100001700073245010700090260002600197600002700223650003300250260210s9999 xx 000 0 und d a04B-55-EE a621.31972 ANJ aAnjum Shaikh 0aElectrification of Villages in Coastal Belt of Sindh Through Wind Solar Hybrid Power Generation System aKarachi:bUITU,c2004 aElectronic Engineering aBachelor of Engineering (BE)